000 00864nam a2200253Ia 4500
003 OSt
005 20221005112908.0
006 a|||||r|||| 00| 0
007 ta
008 221004b |||||||| |||| 00| 0 hin d
020 _c150
024 _a11595
037 _b823, 13/03/2014, H.K. Prakashan
_cTextual
040 _aCRL
_cCRL
_bhin
041 _2hin
_ahin
082 _aO152,1NMAx, 153Q1
100 _aਮਹਾਪਾਤਰ, ਮਨੋਰਮਾ ਵਿਵਾਲ
245 0 _aਵਰਖਾ ਆਉਣ ਤੇ
260 _aਦਿੱਲੀ
_bਸਾਹਿਤ ਰਚਨਾ ਭਾਰਤ
_c2011
300 _a87ਪੰ
_ccm.
650 _aਹਿੰਦੀ ਸਾਹਿਤ
942 _hO152,1NMAx, 153Q1
_cTEXL
_2cc
999 _c1026356
_d1026356